Movies Quiz

Random Movies or Actress Quiz

Actors by Same First Letter Movies Quiz Stats

 Plays Quiz Updated May 14, 2019

Score 0/30 Timer 06:00
0 Plays Today
% Correct
Jim Carrey
92.1%
Jack Black
91.9%
Tom Cruise
91.4%
Leonardo DiCaprio
91.4%
Johnny Depp
91.2%
Bill Murray
90.9%
George Clooney
90.1%
Morgan Freeman
89.8%
Meryl Streep
88.7%
Tom Hanks
87.7%
Adam Sandler
87.7%
Eddie Murphy
87.3%
Michael Keaton
86.6%
Ben Stiller
85.7%
Ben Affleck
83.8%
% Correct
Steve Carell
83.5%
Jack Nicholson
82.7%
Robin Williams
82.6%
Mila Kunis
82.2%
Will Smith
81.6%
Charlize Theron
80.8%
Mark Wahlberg
78.9%
Reese Witherspoon
78.2%
Julia Roberts
77.8%
Sandra Bullock
77.6%
Angelina Jolie
76.4%
Sissy Spacek
76.2%
Diane Keaton
74.1%
Cate Blanchett
70.1%
Amy Adams
67.4%

You're not logged in!

Compare scores with friends on all Sporcle quizzes.
OR
Log In

Show Comments

Extras

Top Quizzes Today


Score Distribution

Your Account Isn't Verified!

In order to create a playlist on Sporcle, you need to verify the email address you used during registration. Go to your Sporcle Settings to finish the process.

Report this User

Report this user for behavior that violates our Community Guidelines.

Details: